| Tag |
First Indicator |
Second Indicator |
Subfields |
| LEADER |
00000cam a2200000 4500 |
| 001 |
in00000039939 |
| 005 |
20151007070434.0 |
| 008 |
760415s1955 enka 00100 engm |
| 010 |
|
|
|a 56044714
|
| 035 |
|
|
|a (OCoLC)02113712
|
| 035 |
|
|
|9 AAE4020AM
|
| 040 |
|
|
|a DLC
|c GAT
|d TXA
|d UtOrBLW
|
| 049 |
|
|
|a TXAM
|c [424853]
|
| 050 |
0 |
0 |
|a TN930
|b .S5
|
| 082 |
0 |
|
|a 553.67
|
| 092 |
|
|
|a 553.67
|b S616a
|
| 100 |
1 |
|
|a Sinclair, William Edward,
|d 1893-
|
| 245 |
1 |
0 |
|a Asbestos :
|b its origin, production, and utilization.
|
| 264 |
|
1 |
|a London :
|b Mining Publications,
|c 1955.
|
| 300 |
|
|
|a 365 pages :
|b illustrations ;
|c 23 cm.
|
| 336 |
|
|
|a text
|b txt
|2 rdacontent
|
| 337 |
|
|
|a unmediated
|b n
|2 rdamedia
|
| 338 |
|
|
|a volume
|b nc
|2 rdacarrier
|
| 650 |
|
0 |
|a Asbestos.
|
| 999 |
|
|
|a MARS
|
| 999 |
f |
f |
|s 0a449f0e-d241-3349-ad17-db320fd15d7e
|i 6170022c-d981-3d08-8727-077780c055c3
|t 0
|
| 952 |
f |
f |
|p ric
|a Texas A&M University
|b Rellis Campus
|c Joint Library Facility
|d Remote Storage
|t 0
|e TN930 .S5
|h Library of Congress classification
|i unmediated -- volume
|m A14800959311
|
| 998 |
f |
f |
|a TN930 .S5
|t 0
|l Remote Storage
|